| 000 | 00733nam a22002653 4500 | ||
|---|---|---|---|
| 001 | 75379 | ||
| 003 | BD-RjUL | ||
| 005 | 20211209082659.0 | ||
| 008 | 190330s1900 enkd 001 0 | ||
| 035 | _a(BD-RjUl)75597 | ||
| 040 |
_aBD-RjUL _beng _cBD-RjUL |
||
| 041 | _aeng | ||
| 082 |
_223 _a657.2 _bFIS 1900 |
||
| 092 | _aIO891 | ||
| 100 | 1 |
_aFieldhouse, Arthur. _9229838 |
|
| 245 | 1 | 4 |
_aThe student's commercial book-keeping / _cArthur Fieldhouse |
| 250 | _a5th ed., revised. | ||
| 260 |
_alondon ; _c(1900) _bsimpkin marshall , |
||
| 300 |
_ccm.18 _a466 p. : _bill. ; |
||
| 650 |
_aBook-keeping _9229839 |
||
| 690 | 0 | 0 |
_aFinance _9229841 |
| 752 |
_aEngland _dLeeds |
||
| 942 |
_2ddc _cBK |
||
| 999 |
_c75379 _d75379 |
||